Concentration et purification par congélation: notions théoriques, production d'eau douce, concentration des jus de fruits

Guardat en:
Dades bibliogràfiques
Format: Llibre
Idioma:francès
anglès
Publicat: París Institut International du Froid 1966
París International Institute of Refrigeration 1966
Col·lecció:Science et Technique du Froid
Refrigeration Science and Technology
Matèries:
Etiquetes: Afegir etiqueta
Sense etiquetes, Sigues el primer a etiquetar aquest registre!

MARC

LEADER 00000nam a2200000 a 4500
001 UCR6658
003 CL-VaPUC
008 980423e19660000fr |||||||||||||||||fre|d
041 0 7 |a fre  |2 CL-VaPUC 
041 0 7 |a eng  |2 CL-VaPUC 
082 0 4 |a 663  |b CON  |2 21 
245 1 0 |a Concentration et purification par congélation: notions théoriques, production d'eau douce, concentration des jus de fruits 
246 1 0 |a Concentration and purification by freezing: theorical background, manufacture of fresh water, concentration of fruit juices and wines 
300 |a 201 p 
942 |c BK 
945 |d 19980423 00:00:00  |a crobeson 
260 |a París  |b Institut International du Froid  |c 1966 
260 |a París  |b International Institute of Refrigeration  |c 1966 
650 7 |a CONCENTRACION  |2 CL-VaPUC  |9 407627 
650 7 |a PURIFICACION  |2 CL-VaPUC  |9 262791 
650 7 |a CONGELACION  |2 CL-VaPUC  |9 344459 
650 0 |a Agua  |9 257149 
650 7 |a JUGOS DE FRUTAS  |2 CL-VaPUC  |9 259825 
650 0 |a Vino  |9 347466 
583 |a last modification  |c 20171114 01:21:16  |k Rodrigo Vera 
490 0 |a Science et Technique du Froid 
490 0 |a Refrigeration Science and Technology 
999 |c 268608  |d 268606 
952 |0 0  |1 0  |4 0  |6 663_000000000000000_CON_1966_1966  |7 0  |8 A  |9 301823  |a BIBALI  |b BIBALI  |c GEN  |d 2019-11-20  |i 1981102  |l 1  |o 663 CON 1966 1966  |p 1981102  |r 2025-01-20  |s 2023-10-05  |w 2019-11-20  |y BK  |k ALI